Statistiques concernant (GEN1-8) Toutes les villes et bourgs de Pokémon

Cliquez ici pour prendre le quiz!

Statistiques générales

  • Ce quiz a été pris 37 fois
  • Le résultat moyen est 37 sur 116

Statistiques - réponses

GénérationRéponses% Correct
Gen 1Bourg Palette
96%
Gen 1Céladopole
81%
Gen 1Azuria
78%
Gen 1Jadielle
78%
Gen 1Carmin-sur-Mer
74%
Gen 1Lavanville
74%
Gen 1Parmanie
74%
Gen 1Argenta
70%
Gen 2Bourg Geon
70%
Gen 1Safrania
70%
Gen 1Cramois'île
67%
Gen 3Bourg-en-Vol
63%
Gen 3Lavandia
52%
Gen 5Volucité
52%
Gen 4Charbourg
48%
Gen 2Doublonville
48%
Gen 6Illumis
48%
Gen 2Mauville
48%
Gen 3Nénucrique
48%
Gen 3Atalanopolis
44%
Gen 6Bourg Croquis
44%
Gen 3Cimetronnelle
44%
Gen 3Clémentiville
44%
Gen 2Ecorcia
44%
Gen 4Féli-Cité
44%
Gen 3Poivressel
44%
Gen 4Rivamar
44%
Gen 3Algatia
41%
Gen 4Littorella
41%
Gen 2Rosalia
41%
Gen 3Rosyères
41%
Gen 4Verchamps
41%
Gen 2Acajou
37%
Gen 6Auffrac-les-Congères
37%
Gen 4Célestia
37%
Gen 2Ebenelle
37%
Gen 4Frimapic
37%
Gen 2Irisia
37%
Gen 5Méanville
37%
Gen 5Renouet
37%
Gen 4Unionpolis
37%
Gen 3Vermilava
37%
Gen 4Vestigion
37%
Gen 4Voilaroc
37%
Gen 6Yantreizh
37%
Gen 4Bonaugure
33%
Gen 4Bonville
33%
Gen 5Flocombe
33%
Gen 4Floraville
33%
Gen 4Joliberges
33%
Gen 7 (île)Poni
33%
Gen 6Quarellis
33%
Gen 6Roche-sur-Gliffe
33%
Gen 2Ville Griotte
33%
Gen 3Autéquia
30%
Gen 6Cromlac'h
30%
Gen 3Eternara
30%
Gen 5Janusia
30%
Gen 3Mérouville
30%
Gen 2Oliville
30%
Gen 3Pacifiville
30%
Gen 5Maillard
26%
Gen 7 (île)Mele-Mele
26%
Gen 6Neuvartault
26%
Gen 5Ogoesse
26%
Gen 5Ondes-sur-mer
26%
Gen 5Papeloa
26%
Gen 6Port Tempères
26%
Gen 6Romant-sous-Bois
26%
Gen 3Vergazon
26%
Gen 3Village Myokara
26%
Gen 4Aire de Combat
22%
Gen 4Aire de Détente
22%
Gen 4Aire de Survie
22%
Gen 5Arabelle
22%
Gen 7Ekaeka
22%
Gen 5Forêt Blanche
22%
Gen 8Greenbury
22%
Gen 8Old Chister
22%
Gen 8Paddoxton
22%
Gen 5Parsemille
22%
Gen 6Relifac-le-haut
22%
Gen 5Ville Noire
22%
Gen 5Entrelasque
19%
Gen 6Fort-Vanitas
19%
Gen 7Lili'i
19%
Gen 8Smashings
19%
Gen 7 (île)Ula-Ula
19%
Gen 5Vaguelone
19%
Gen 7 (île)Akala
15%
Gen 6Flusselles
15%
Gen 8Kickenham
15%
Gen 5Rotombourg
15%
Gen 8Skifford
15%
Gen 7Village Flottant
15%
Gen 8Winscor
15%
Gen 5Amaillide
11%
Gen 6Batisques
11%
Gen 8Corrifey
11%
Gen 7Kokohio
11%
Gen 7Konikoni
11%
Gen 8Ludester
11%
Gen 7Malié
11%
Gen 8Motorby
11%
Gen 6Mozheim
11%
Gen 7 (île)Paradis Aether
11%
Gen 5Pavonnay
11%
Gen 5Arpentières
7%
Gen 8Brasswick
7%
Gen 8 (extension)Couronneige
7%
Gen 7Ho'ohale
7%
Gen 7Ohana
7%
Gen 8 (extension)Hameau Gelé
4%
Gen 6La Frescale
4%
Gen 5Port-Yoneuves
4%
Gen 8 (extension)Île d'Isolarmure
0%

Distribution des résultats

Percentile par nombre de réponses

% des personnes avec chaque résultat

Votre développement - résultats

Vous n’avez pas pris ce quiz